Every Character Mentioned In Percy Jackson - The Last Olympian - Statistics

General Stats
  • This quiz has been taken 9 times
    7 since last reset
  • The average score is 46 of 115
Answer Stats
Times Mentioned Answer % Correct
395 Annabeth Chase
100%
59 Apollo
100%
13 Artemis
100%
122 Chiron
100%
90 Clarisse La Rue
100%
117 Hermes
100%
278 Kronos
100%
223 Luke Castellan
100%
223 Percy Jackson
100%
67 Poseidon
100%
57 Zeus
100%
15 Bianca Di Angelo
83%
42 Blackjack
83%
67 Charles Beckendorf
83%
30 Dionysus/Mr D
83%
63 Ethan Nakamura
83%
147 Grover Underwood
83%
104 Hades
83%
11 Hera
83%
9 Katie Gardner
83%
202 Nico Di Angelo
83%
34 Paul Blofis
83%
158 Rachel Elizabeth Dare
83%
3 Sally Jackson
83%
69 Silena Beauregard
83%
47 Tyson
83%
2 Will Solace
83%
9 Aphrodite
67%
20 Athena
67%
4 Hercules
67%
43 Hestia
67%
1 Lee Fletcher
67%
35 Michael Yew
67%
17 Travis Stoll
67%
47 Ares
50%
21 Connor Stoll
50%
12 Daedalus
50%
6 Hecate
50%
15 Hephaestus
50%
10 Iris
50%
56 May Castellan
50%
17 Minotaur
50%
83 Mrs O'Leary
50%
10 Pan
50%
22 Persephone
50%
1 Rainbow
50%
87 Thalia Grace
50%
1 Theseus
50%
7 Atlas
33%
8 Bessie/The Ophiotaurus
33%
5 Briares
33%
14 Chris Rodriguez
33%
21 Demeter
33%
12 Hudson
33%
6 Hydra
33%
20 Juniper
33%
1 Kampe
33%
5 Krios
33%
21 Leneus
33%
8 Medusa
33%
10 Morpheus
33%
9 Ms Dodds/Alecto
33%
7 Nemesis
33%
6 Oceanus
33%
53 Prometheus
33%
30 The Oracle
33%
47 Typhon
33%
14 Achilles
17%
1 Antaeus
17%
11 Argus
17%
3 Calypso
17%
10 East
17%
1 Echidna
17%
1 Frederick Douglass
17%
9 Guido
17%
2 Hebe
17%
22 Hyperion
17%
11 Jake Mason
17%
1 Kayla
17%
3 Malcolm
17%
16 Maria Di Angelo
17%
7 Mr Dare
17%
1 Mrs Dare
17%
14 Pandora
17%
9 Pollux
17%
4 Porkpie
17%
2 Triton
17%
1 Aeolus
0%
2 Amphitrite
0%
1 Austin
0%
1 Benjamin Franklin
0%
4 Bobby Earl
0%
1 Castor
0%
4 Cerberus
0%
1 Charon
0%
1 Conficius
0%
2 Delphin
0%
1 Elpis
0%
1 Ferdinand
0%
15 George
0%
1 Helios
0%
1 Larry
0%
1 Maron
0%
10 Martha
0%
1 Morrain
0%
4 Orpheus
0%
2 Owen
0%
1 Palaemon
0%
5 Peleus
0%
1 Pompona
0%
1 Queen Sess
0%
1 Silenus
0%
1 Susan B. Anthony
0%
1 Thetis
0%
5 William H. Seward
0%
No matching quizzes found
Score Distribution
Percent of People with Each Score
Percentile by Number Answered
Your Score History
You have not taken this quiz since the last reset